000 01131 a2200229 4500
001 44946
005 20260407155724.0
008 260407a2006 arg spa d
003 AR-UNSa-BCEJYS
040 _aAR-UNSa-BCEJYS
_bspa
_cAR-UNSa-BCEJYS
080 _a331.5
_xMercado de Trabajo. Empleo
245 1 0 _aPromoviendo el trabajo decente en las Américas
_pla agenda hemisférica 2006-2015
020 _a978-92-2-318988-4
264 1 _aLima :
_bOIT
_c2006
300 _a67 p.
_c22 cm.
505 _aIntroducción - 1. Principales desafíos para generar trabajo decente en la región - 2. La agenda hemisférica para generar trabajo decente - 3. Políticas generales para la promoción del desarrollo con trabajo decente - 4. Políticas en áreas específicas de intervención - 5. Planes nacionales de generación de trabajo decente y programas de trabajo decente por País.
041 _aspa
942 _cBK
590 _aniveau_biblio:m niveau_hierar:0
100 1 _aOrganización Internacional del Trabajo (OIT)
856 4 1 _uhttps://www.biblioeco.unsa.edu.ar/pmb/images/libros/L127054.jpg
_yImagen de portada
_qimage/jpeg
999 _c3870
_d3870